| 000 | 01123cam a2200349 a 4500 | ||
|---|---|---|---|
| 999 |
_c543 _d543 |
||
| 001 | 16449516 | ||
| 003 | GZU | ||
| 005 | 20200904125637.0 | ||
| 008 | 100908s2010 caua b 001 0 eng | ||
| 010 | _a 2010282470 | ||
| 015 |
_aGBA9C3517 _2bnb |
||
| 016 | 7 |
_a015443343 _2Uk |
|
| 020 | _a184787472X (hbk.) | ||
| 020 | _a9781847874726 (hbk.) | ||
| 020 | _a1847874738 (pbk.) | ||
| 020 | _a9781847874733 (pbk.) | ||
| 035 | _a(OCoLC)ocn477285950 | ||
| 040 |
_aUKM _cUKM _dBWKUK _dBWK _dYDXCP _dDLC |
||
| 042 | _alccopycat | ||
| 050 | 0 | 0 |
_aCT25 _b.MUN 2010 |
| 100 | 1 |
_aMuncey, Tessa. _eauthor |
|
| 245 | 1 | 0 |
_aCreating autoethnographies / _cTessa Muncey. |
| 260 |
_aLos Angeles ; _aLondon : _bSAGE, _c2010. |
||
| 300 |
_axvi, 152 p. : _bill. ; _c25 cm. |
||
| 500 | _aIncludes bibliographical references and index. | ||
| 504 | _aIncludes bibliographical references and index. | ||
| 650 | 0 |
_aAutobiography _xAuthorship. |
|
| 650 | 0 |
_aEthnology _xMethodology. |
|
| 906 |
_a7 _bcbc _ccopycat _d2 _encip _f20 _gy-gencatlg |
||
| 942 |
_2lcc _cBK _h25 _iMUN _kCT |
||